Teoría de la eliminación entre dos ecuaciones de grado cualquiera con dos incognitas / (Registro nro. 162165)

Detalles MARC
000 -LEADER
campo de control de longitud fija 00848nam a2200205 i 4500
001 - NÚMERO DE CONTROL
campo de control 162165
003 - IDENTIFICADOR DE NÚMERO DE CONTROL
campo de control ES-MaACL
005 - FECHA Y HORA DE LA ÚLTIMA TRANSACCIÓN
campo de control 20250724074559.0
008 - DATOS DE LONGITUD FIJA--INFORMACIÓN GENERAL
campo de control de longitud fija 011106s1867 sp |||| | spa d
040 ## - FUENTE DE CATALOGACIÓN
Centro catalogador/agencia de origen CCPB | B
Lengua de catalogación spa
Centro/agencia transcriptor CCPB | B
100 1# - ENTRADA PRINCIPAL--NOMBRE DE PERSONA
Nombre de persona Piñar, José María.
9 (RLIN) 131195
245 10 - MENCIÓN DEL TÍTULO
Título Teoría de la eliminación entre dos ecuaciones de grado cualquiera con dos incognitas /
Mención de responsabilidad, etc. por José María Piñar.
250 ## - MENCION DE EDICION
Mención de edición 2ª ed. completamente ref.
260 ## - PUBLICACIÓN, DISTRIBUCIÓN, ETC.
Lugar de publicación, distribución, etc. Madrid :
Nombre del editor, distribuidor, etc. [s.n.],
Fecha de publicación, distribución, etc. 1867 (
Fabricante imprenta del Memorial de Ingenieros)
300 ## - DESCRIPCIÓN FÍSICA
Extensión 111 p. ;
Dimensiones 24 cm.
650 #4 - PUNTO DE ACCESO ADICIONAL DE MATERIA--TÉRMINO DE MATERIA
Término de materia o nombre geográfico como elemento de entrada Ecuaciones.
9 (RLIN) 135950
650 #7 - PUNTO DE ACCESO ADICIONAL DE MATERIA--TÉRMINO DE MATERIA
Término de materia o nombre geográfico como elemento de entrada Álgebra
Fuente del encabezamiento o término embne
9 (RLIN) 9720
852 ## - LOCALIZACIÓN
Ubicación ES-MaACL
Número de control de estantería T-971-F-4
Nota libre -- Enc. hol. conservando la cub. original
-- -- Enc. en un vol. facticio
-- -- Banderilla en pie de imprenta: Madrid: Carlos Bailly- Bailliere, 1867
Existencias
Estatus retirado Estado de pérdida Estado de daño No para préstamo Colección Biblioteca de origen Biblioteca actual Ubicación en estantería Fecha de adquisición Total de préstamos Signatura topográfica completa Código de barras Visto por última vez Precio de reemplazo Tipo de ítem Koha
        Colección de folletos Biblioteca del Ateneo de Madrid Biblioteca del Ateneo de Madrid Depósito folletos 17/01/2008   T-971-F-4 1169885 23/02/2023 23/02/2023 Folleto